| 000 | 00444nam a22001815a 4500 | ||
|---|---|---|---|
| 999 |
_c7524 _d7524 |
||
| 003 | OSt | ||
| 005 | 20200312074014.0 | ||
| 008 | 120614s2013 nyu 000 0 eng | ||
| 020 | _a9781285061023 | ||
| 040 |
_aDLC _cDLC |
||
| 082 |
_a692.1 _bHUT |
||
| 245 | 0 | 0 | _aUnderstanding construction drawings. |
| 250 | _a6th ed. | ||
| 260 |
_aClifton Park, NY : _bDelmar - Cengage Learning, _c2013. |
||
| 263 | _a1302 | ||
| 300 | _ap. cm. | ||
| 942 | _2ddc | ||